Critical discourse studies and technology : (Record no. 27902)

MARC details
000 -LEADER
fixed length control field 03172cam a22003375i 4500
001 - CONTROL NUMBER
control field 18853322
003 - CONTROL NUMBER IDENTIFIER
control field EG-ScBUE
005 - DATE AND TIME OF LATEST TRANSACTION
control field 20191210143540.0
008 - FIXED-LENGTH DATA ELEMENTS--GENERAL INFORMATION
fixed length control field 151112s2016 enka f bd 001 0 eng d
020 ## - INTERNATIONAL STANDARD BOOK NUMBER
International Standard Book Number 9781472569486 (pb)
040 ## - CATALOGING SOURCE
Original cataloging agency DLC
Language of cataloging eng
Description conventions rda
Transcribing agency DLC
Modifying agency DLC
-- EG-ScBUE
082 04 - DEWEY DECIMAL CLASSIFICATION NUMBER
Classification number 303.483
Item number ROD
Edition number 22
100 1# - MAIN ENTRY--PERSONAL NAME
Personal name Roderick, Ian,
Dates associated with a name 1964-
Relator term author.
245 10 - TITLE STATEMENT
Title Critical discourse studies and technology :
Remainder of title a multimodal approach to analyzing technoculture /
Statement of responsibility, etc Ian Roderick.
264 #1 - PUBLICATION, DISTRIBUTION, ETC. (IMPRINT)
Place of publication, distribution, etc London ;
-- New York :
Name of publisher, distributor, etc Bloomsbury Academic / Bloomsbury Publishing PLc.,
Date of publication, distribution, etc 2016.
300 ## - PHYSICAL DESCRIPTION
Extent 221 pages :
Other physical details illustrations ;
Dimensions 24 cm.
336 ## - CONTENT TYPE
Content type term text
Content type code txt
Source rdacontent
337 ## - MEDIA TYPE
Media type term unmediated
Media type code n
Source rdamedia
338 ## - CARRIER TYPE
Carrier type term volume
Carrier type code nc
Source rdacarrier
490 0# - SERIES STATEMENT
Series statement Bloomsbury advances in critical discourse studies
500 ## - GENERAL NOTE
General note Includes glossary.
504 ## - BIBLIOGRAPHY, ETC. NOTE
Bibliography, etc Includes bibliographical references and index.
505 0# - FORMATTED CONTENTS NOTE
Formatted contents note Defining technology : technology as apparatus -- Multimodal critical discourse analysis -- Analysing multimodal discourse : a toolkit approach -- Discourses of technology as progress -- Discourses of technological determinism -- Discourses of technological fetishism : (over)valuing technologies -- Discourses of technological (dis)satisfaction : consuming technologies.
520 ## - SUMMARY, ETC.
Summary, etc "Making a new contribution to the developing field of multimodal critical discourse studies, Ian Roderick's book demonstrates how technologies that tend to be widely represented as innovative, or as simple pragmatic solutions, are always anchored in power relations and are therefore deeply ideological. A series of examples analysing technologies such as robotics, smart phones or bio-medicine, their functioning and uses, as well as their representations in the media, show that these are embedded within discourses that tell us about social and power relations, identities and political values. The book takes a tour of everyday technologies and how they are represented in different settings. A Disney theme park attraction showing how technology has improved family life makes many assumptions about what is natural in terms of interpersonal relations, pleasure and satisfaction. Advertisements that represent robot workers inform us about the kinds of worker-management relations now characterising work places. Roderick looks at the way that technologies, while often represented as divorced from their production and maintenance, as objects of wonder, need to be seen within a fabric of social relations that tends to be suppressed from how we see them as part of a wider technological fetishism. Engaging with existing theories of technology, the book argues that we must take a more interdisciplinary approach to avoid the pitfalls of social constructivism and technological determinism. Our experiences of technologies are shaped through the relationship between knowledge, practices and institutional forms"--Publisher's description.
650 #7 - SUBJECT ADDED ENTRY--TOPICAL TERM
Topical term or geographic name as entry element Technology
General subdivision Philosophy.
Source of heading or term BUEsh
650 #7 - SUBJECT ADDED ENTRY--TOPICAL TERM
Topical term or geographic name as entry element Technology
General subdivision Social aspects.
Source of heading or term BUEsh
650 #7 - SUBJECT ADDED ENTRY--TOPICAL TERM
Topical term or geographic name as entry element Rhetoric.
Source of heading or term BUEsh
653 ## - INDEX TERM--UNCONTROLLED
Resource For college Humanities: English
Arrived date list November2019
655 ## - INDEX TERM--GENRE/FORM
Form subdivision Reading book
942 ## - ADDED ENTRY ELEMENTS (KOHA)
Source of classification or shelving scheme Dewey Decimal Classification
Koha item type Book - Borrowing
Holdings
Withdrawn status Lost status Source of classification or shelving scheme Damaged status Not for loan Collection code Home library Current library Shelving location Date acquired Source of acquisition Cost, normal purchase price Total Checkouts Full call number Barcode Date last seen Cost, replacement price Price effective from Koha item type
    Dewey Decimal Classification     Baccah Central Library Central Library First floor 27/11/2019 Purchase 860.00   303.483 ROD 000048382 15/07/2025 1075.00 27/11/2019 Book - Borrowing